[Event "XIV American Continental"]
[Site "Sao Paulo BRA"]
[Date "2019.07.10"]
[Round "8.65"]
[White "Araujo, Jose Roberto"]
[Black "Medrano, Mario"]
[Result "0-1"]
[WhiteElo "2079"]
[BlackElo "1960"]
[EventDate "2019.07.05"]
[PlyCount "106"]
[EventRounds "11"]
[EventCountry "BRA"]

1.e4 e6 2.d3 d5 3.Nd2 Nf6 4.Ngf3 dxe4 5.dxe4 Bc5 6.Bc4 Nc6 7.O-O e5 8.Qe2 
Qe7 9.Nb3 Bb6 10.a4 a6 11.a5 Ba7 12.Be3 O-O 13.Bxa7 Nxa7 14.h3 Nc6 15.Qe3 
h6 16.Kh2 Nd4 17.Nbxd4 exd4 18.Qxd4 Qxe4 19.Rae1 Qxd4 20.Nxd4 Re8 21.Rxe8+
Nxe8 22.Re1 Nd6 23.Bd5 Kf8 24.b4 Bd7 25.f4 Bb5 26.Nxb5 axb5 27.Kg3 c6 28.
Bf3 Rd8 29.Kf2 Nf5 30.Ra1 Rd2+ 31.Kg1 Nd4 32.Be4 Nxc2 33.Rc1 Nd4 34.Ra1 f5
35.Bf3 Nxf3+ 36.gxf3 Rb2 37.a6 bxa6 38.Rxa6 Rxb4 39.Rxc6 Rxf4 40.Kg2 Rc4 
41.Rb6 b4 42.Kg3 Ke7 43.h4 h5 44.Rg6 f4+ 45.Kh3 b3 46.Rxg7+ Kd6 47.Rb7 Rc3
48.Kg2 Kc5 49.Rf7 Rc4 50.Rc7+ Kd4 51.Rb7 Kc3 52.Kf2 b2 53.Ke2 Rb4 0-1

[Event "XIV American Continental"]
[Site "Sao Paulo BRA"]
[Date "2019.07.10"]
[Round "8.66"]
[White "Sega, Carlos Alberto"]
[Black "Correa, Jose Augusto"]
[Result "1-0"]
[WhiteElo "2220"]
[BlackElo "1911"]
[EventDate "2019.07.05"]
[PlyCount "95"]
[EventRounds "11"]
[EventCountry "BRA"]

1.c4 c5 2.g3 Nc6 3.Bg2 g6 4.Nc3 Bg7 5.Nf3 Nf6 6.O-O O-O 7.d4 cxd4 8.Nxd4 
Nxd4 9.Qxd4 d6 10.Qd3 Bf5 11.e4 Be6 12.Bd2 Rc8 13.b3 Qd7 14.Rac1 Bh3 15.
Rfe1 Bxg2 16.Kxg2 Rc5 17.Nd5 Nxd5 18.exd5 b6 19.Be3 Rc7 20.Rcd1 Bf6 21.a4 
Rb8 22.Bd4 Bxd4 23.Qxd4 Qe8 24.Rd3 Qf8 25.Rde3 Rbb7 26.Qh4 f6 27.Qg4 Kg7 
28.h4 Qf7 29.Re6 Kf8 30.Qd4 Qg7 31.R1e3 Rd7 32.g4 Rbc7 33.Rf3 Rd8 34.Qf4 
Kg8 35.g5 f5 36.h5 Kf7 37.Rh3 Rh8 38.Qh2 Rcc8 39.Qf4 Rcd8 40.Qe3 Rd7 41.
hxg6+ hxg6 42.Rf6+ exf6 43.Qe6+ Kf8 44.Rxh8+ Qxh8 45.Qxd7 fxg5 46.Qxd6+ 
Kf7 47.Qe6+ Kf8 48.Qc8+ 1-0

[Event "XIV American Continental"]
[Site "Sao Paulo BRA"]
[Date "2019.07.10"]
[Round "8.67"]
[White "Baeta, Marcio Netto"]
[Black "Fiaes, Mario Henrique Andrade"]
[Result "0-1"]
[WhiteElo "1903"]
[BlackElo "2173"]
[EventDate "2019.07.05"]
[PlyCount "62"]
[EventRounds "11"]
[EventCountry "BRA"]

1.d4 Nf6 2.Nf3 e6 3.c4 b6 4.g3 Ba6 5.Qa4 Be7 6.Bg2 Bb7 7.O-O O-O 8.Nc3 Ne4
9.Qc2 Nxc3 10.Qxc3 Be4 11.Bh3 Bf6 12.Nd2 Bb7 13.e4 c5 14.e5 cxd4 15.Qxd4 
Nc6 16.Qe4 Bxe5 17.Nf3 Bf6 18.Bf4 Na5 19.Qe2 Bxf3 20.Qxf3 Nxc4 21.Rac1 d5 
22.b3 Na5 23.Rfd1 Bg5 24.Rc2 Bxf4 25.gxf4 Rc8 26.Rxc8 Qxc8 27.Rxd5 Qc2 28.
Rd7 Qxa2 29.Rxa7 Qb1+ 30.Bf1 Nxb3 31.Ra8 Qxf1+ 0-1

[Event "XIV American Continental"]
[Site "Sao Paulo BRA"]
[Date "2019.07.10"]
[Round "8.68"]
[White "Bueno, Alfeu Junior Varela"]
[Black "Moyses Sobrinho, Elias"]
[Result "1-0"]
[WhiteElo "2169"]
[BlackElo "1906"]
[EventDate "2019.07.05"]
[PlyCount "79"]
[EventRounds "11"]
[EventCountry "BRA"]

1.e4 d5 2.exd5 Nf6 3.Bb5+ Bd7 4.Be2 Nxd5 5.d4 Bf5 6.a3 e6 7.Nf3 Nc6 8.O-O 
Be7 9.c4 Nb6 10.Nc3 O-O 11.b4 Bf6 12.Be3 a6 13.h3 h6 14.Qb3 e5 15.dxe5 
Nxe5 16.Rad1 Qc8 17.Nd4 Be6 18.Nxe6 Qxe6 19.Bxb6 Qxb6 20.Nd5 Qd6 21.c5 Qd8
22.Nb6 Qe7 23.Nxa8 Rxa8 24.Rfe1 Rd8 25.c6 Rxd1 26.Qxd1 Nxc6 27.Bxa6 Qf8 
28.Bxb7 Nd4 29.Qa4 Qd6 30.Qe8+ Kh7 31.Be4+ g6 32.Qxf7+ Bg7 33.h4 h5 34.Qd5
Qf6 35.Qxh5+ Kg8 36.Bd5+ Kf8 37.Qh7 Ne2+ 38.Rxe2 Qa1+ 39.Kh2 Be5+ 40.g3 
1-0

[Event "XIV American Continental"]
[Site "Sao Paulo BRA"]
[Date "2019.07.10"]
[Round "8.69"]
[White "De Borba, Gabriel"]
[Black "Dos Santos, Matheus Garcett Souza"]
[Result "1-0"]
[WhiteElo "2116"]
[BlackElo "1874"]
[EventDate "2019.07.05"]
[PlyCount "85"]
[EventRounds "11"]
[EventCountry "BRA"]

1.e4 c5 2.Nf3 e6 3.d4 cxd4 4.Nxd4 Nf6 5.Nc3 d6 6.Be3 a6 7.a4 b5 8.Nb3 Bb7 
9.Bd3 Nbd7 10.f4 Rc8 11.O-O Rxc3 12.bxc3 Nxe4 13.Bd4 Qc7 14.c4 a5 15.Qe2 
Nec5 16.Nxc5 Nxc5 17.Qf2 Be7 18.f5 e5 19.Bxc5 dxc5 20.Qe2 Qd6 21.Rae1 Bf6 
22.Be4 Qd4+ 23.Kh1 Qxe4 24.Qxe4 Bxe4 25.Rxe4 Kd7 26.Rd1+ Kc7 27.g3 Rd8 28.
Rxd8 Kxd8 29.Kg2 Kd7 30.Kf3 Kd6 31.Re1 g6 32.Rd1+ Kc6 33.fxg6 hxg6 34.Ke4 
Bg7 35.g4 Kc7 36.g5 f5+ 37.gxf6 Bxf6 38.Rg1 g5 39.Kf5 Be7 40.Rxg5 Bxg5 41.
Kxg5 Kd7 42.Kf6 Kd6 43.h4 1-0

[Event "XIV American Continental"]
[Site "Sao Paulo BRA"]
[Date "2019.07.10"]
[Round "8.70"]
[White "Torres, Eduardo Lisboa"]
[Black "Piccoli, Lucas Fonseca"]
[Result "0-1"]
[WhiteElo "1872"]
[BlackElo "2116"]
[EventDate "2019.07.05"]
[PlyCount "81"]
[EventRounds "11"]
[EventCountry "BRA"]

1.d4 Nf6 2.c4 e6 3.Nf3 Bb4+ 4.Bd2 Qe7 5.Nc3 b6 6.g3 Bb7 7.Bg2 O-O 8.Qc2 d6
9.O-O Bxc3 10.Bxc3 Nbd7 11.b3 Rab8 12.a4 a6 13.Rfe1 Be4 14.Qd1 c5 15.e3 
Rfc8 16.Nd2 Bxg2 17.Kxg2 e5 18.dxe5 Nxe5 19.e4 b5 20.axb5 axb5 21.f3 b4 
22.Bxe5 Qxe5 23.Nf1 Ra8 24.Ne3 h5 25.Nd5 Nxd5 26.exd5 Qb2+ 27.Kh3 Rxa1 28.
Qxa1 Qxb3 29.Qa6 Rf8 30.Qxd6 Qc3 31.Qe5 Qxc4 32.Qxh5 b3 33.Qf5 b2 34.d6 
Qc1 35.Qb1 Qh6+ 36.Kg2 Qd2+ 37.Kh3 Rb8 38.Re4 Qc1 39.d7 Qxb1 40.Re8+ Kh7 
41.g4 0-1

[Event "XIV American Continental"]
[Site "Sao Paulo BRA"]
[Date "2019.07.10"]
[Round "8.71"]
[White "Borges, Wagner da Silva"]
[Black "Andrade, Guilherme Alves de Souza"]
[Result "1-0"]
[WhiteElo "2114"]
[BlackElo "1867"]
[EventDate "2019.07.05"]
[PlyCount "77"]
[EventRounds "11"]
[EventCountry "BRA"]

1.d4 d5 2.Nf3 Nf6 3.Bf4 c5 4.e3 Nc6 5.c3 Qb6 6.b3 cxd4 7.exd4 Bf5 8.Be2 h6
9.h3 e6 10.O-O Be7 11.a4 a5 12.Nbd2 O-O 13.Re1 Rac8 14.Bf1 Rfd8 15.Re3 Bf8
16.g4 Bh7 17.g5 hxg5 18.Nxg5 Bd6 19.Bxd6 Rxd6 20.Nxh7 Kxh7 21.Bd3+ g6 22.
Qf3 Kg7 23.Kh1 Rh8 24.Rg1 Qd8 25.Qg2 Rh6 26.Nf3 Nh5 27.Ng5 Nf4 28.Qg3 Nxd3
29.Rxd3 Ne7 30.Rf3 Nf5 31.Qf4 Rb6 32.Nxf7 Qh4 33.Nxh6 Qxf4 34.Rxf4 Kxh6 
35.Rb1 Kg5 36.Rf3 Rd6 37.Rd3 Kf4 38.Rg1 Nh6 39.Rxg6 1-0

[Event "XIV American Continental"]
[Site "Sao Paulo BRA"]
[Date "2019.07.10"]
[Round "8.72"]
[White "Cordero Loup, Ely Daniela"]
[Black "Melo, Igor de Souza"]
[Result "1-0"]
[WhiteElo "2076"]
[BlackElo "1825"]
[EventDate "2019.07.05"]
[PlyCount "69"]
[EventRounds "11"]
[EventCountry "BRA"]

1.d4 d5 2.Nf3 c6 3.c4 e6 4.Qc2 dxc4 5.Qxc4 Nf6 6.g3 b5 7.Qc2 Bb7 8.Nbd2 
Nbd7 9.Nb3 Bb4+ 10.Bd2 Bxd2+ 11.Nbxd2 Qa5 12.Bg2 c5 13.dxc5 Be4 14.Qb3 
Nxc5 15.Qe3 Rc8 16.O-O Bb7 17.Rfc1 Qb6 18.b4 Ncd7 19.Rxc8+ Bxc8 20.Qxb6 
Nxb6 21.Nd4 a6 22.N2b3 O-O 23.Nc6 Kh8 24.Nc5 Nfd7 25.Ne4 Nc4 26.Rc1 Ndb6 
27.Nc5 h6 28.Na7 a5 29.bxa5 Nxa5 30.Nxb5 Nbc4 31.Na7 g6 32.Nxc8 Rxc8 33.
Nb3 Nd6 34.Rxc8+ Nxc8 35.Nxa5 1-0

[Event "XIV American Continental"]
[Site "Sao Paulo BRA"]
[Date "2019.07.10"]
[Round "8.73"]
[White "Santos Filho, Tadeu Sousa"]
[Black "Silva, Rodrigo Ferreira da"]
[Result "1-0"]
[WhiteElo "2057"]
[BlackElo "1803"]
[EventDate "2019.07.05"]
[PlyCount "93"]
[EventRounds "11"]
[EventCountry "BRA"]

1.e4 c5 2.Nc3 e5 3.Bc4 Nc6 4.Nge2 Nf6 5.Ng3 d6 6.Nf1 Be6 7.d3 Be7 8.Ne3 
Qd7 9.O-O O-O 10.a3 Nd4 11.Ncd5 Bxd5 12.Nxd5 Nxd5 13.Bxd5 Kh8 14.c3 Ne6 
15.Qg4 Rad8 16.g3 Nc7 17.Qxd7 Rxd7 18.Bxb7 Rdd8 19.b4 Rb8 20.Bc6 Rb6 21.
Ba4 Ne6 22.Bb3 Nc7 23.Bc4 Rbb8 24.Bd2 f6 25.Rab1 Rfd8 26.f4 g6 27.bxc5 d5 
28.exd5 Bxc5+ 29.Kh1 Rxb1 30.Rxb1 exf4 31.d4 Bxa3 32.Bxf4 Nxd5 33.Bxd5 
Rxd5 34.Rb8+ Kg7 35.Rb7+ Kg8 36.Bh6 a5 37.Rg7+ Kh8 38.Ra7 Kg8 39.Kg2 Rh5 
40.Be3 Kf8 41.c4 Bb4 42.g4 Rh4 43.h3 g5 44.c5 Ke8 45.d5 f5 46.d6 fxg4 47.
d7+ 1-0

[Event "XIV American Continental"]
[Site "Sao Paulo BRA"]
[Date "2019.07.10"]
[Round "8.74"]
[White "Ikejiri, Daniel Yoshito"]
[Black "Passos, Rafael Moreira"]
[Result "1/2-1/2"]
[WhiteElo "2004"]
[BlackElo "1808"]
[EventDate "2019.07.05"]
[PlyCount "66"]
[EventRounds "11"]
[EventCountry "BRA"]

1.e4 c5 2.c3 d5 3.exd5 Qxd5 4.d4 g6 5.Nf3 Bg7 6.Be3 Nh6 7.Nbd2 Nf5 8.Bc4 
Qd8 9.Qa4+ Nd7 10.Qb3 O-O 11.O-O b6 12.Rae1 cxd4 13.cxd4 Nf6 14.Ne5 e6 15.
Ndf3 Nd6 16.Be2 Bb7 17.Bg5 h6 18.Be3 Rc8 19.Rc1 Qe7 20.Qa3 Bd5 21.Bf4 Rxc1
22.Rxc1 Rc8 23.Nc6 Rxc6 24.Rxc6 Bxc6 25.Bxd6 Qb7 26.Be5 Nd5 27.Qd6 Qd7 28.
Qb8+ Bf8 29.Bg3 Qb7 30.Qd8 Qe7 31.Qc8 Qb7 32.Qd8 Qe7 33.Qb8 Qb7 1/2-1/2

[Event "XIV American Continental"]
[Site "Sao Paulo BRA"]
[Date "2019.07.10"]
[Round "8.75"]
[White "Cabral, Denrick"]
[Black "Nascimento, Pedro Henrique Alves"]
[Result "1-0"]
[WhiteElo "1863"]
[BlackElo "1992"]
[EventDate "2019.07.05"]
[PlyCount "73"]
[EventRounds "11"]
[EventCountry "BRA"]

1.e4 e6 2.d4 d5 3.Nc3 Bb4 4.e5 Ne7 5.Bd2 O-O 6.Qg4 f5 7.exf6 Rxf6 8.Qh5 g6
9.Qd1 c5 10.a3 Bxc3 11.bxc3 Nbc6 12.Nf3 Qc7 13.Be2 e5 14.dxe5 Nxe5 15.Nxe5
Qxe5 16.O-O Bd7 17.Re1 Qf5 18.Bf3 Re8 19.Be3 b6 20.Qd3 Rf7 21.Bh6 c4 22.
Qd2 Be6 23.h3 Bc8 24.Bxd5 Bd7 25.Bxc4 Nc6 26.Rxe8+ Bxe8 27.Bxf7+ Bxf7 28.
Rd1 Qh5 29.Qd6 Qxh6 30.Qxc6 Qg5 31.Qd6 Qf5 32.Qd3 Qf4 33.Qd8+ Kg7 34.Qd4+ 
Qf6 35.Re1 a6 36.Re7 g5 37.Rb7 1-0

[Event "XIV American Continental"]
[Site "Sao Paulo BRA"]
[Date "2019.07.10"]
[Round "8.76"]
[White "Okamura, Milton Kasuo"]
[Black "Sato, Leticia Miho"]
[Result "1-0"]
[WhiteElo "1974"]
[BlackElo "1693"]
[EventDate "2019.07.05"]
[PlyCount "66"]
[EventRounds "11"]
[EventCountry "BRA"]

1.d4 d5 2.c4 e6 3.Nc3 Be7 4.Nf3 Nf6 5.e3 Nbd7 6.Qc2 O-O 7.Be2 b6 8.cxd5 
exd5 9.O-O Bb7 10.a3 c5 11.Rd1 Qc7 12.Bd2 a6 13.Rac1 Rac8 14.Be1 Bd6 15.
Qf5 Qb8 16.Qh3 Rfe8 17.Bd3 Nf8 18.Bf5 Rcd8 19.g3 Ne4 20.dxc5 Bxc5 21.Nd4 
Qe5 22.Bg4 h6 23.Qg2 Rd6 24.Nf3 Qf6 25.b4 Bxb4 26.axb4 d4 27.exd4 Rc6 28.
Ne5 Rxe5 29.dxe5 Qxe5 30.Qxe4 Qg5 31.Qf5 Qe7 32.Nd5 Qe8 33.Bc3 Rd6 1-0

[Event "XIV American Continental"]
[Site "Sao Paulo BRA"]
[Date "2019.07.10"]
[Round "8.77"]
[White "Lo Kim Lin, Frank"]
[Black "Carvalho Junior, Celestino"]
[Result "0-1"]
[WhiteElo "1823"]
[BlackElo "1954"]
[EventDate "2019.07.05"]
[PlyCount "58"]
[EventRounds "11"]
[EventCountry "BRA"]

1.e4 c5 2.Nf3 e6 3.d4 cxd4 4.Nxd4 Nc6 5.Nxc6 bxc6 6.Be3 d5 7.exd5 cxd5 8.
Bd3 Nf6 9.O-O Bd6 10.c4 O-O 11.Nc3 dxc4 12.Bxc4 Qc7 13.b3 Bxh2+ 14.Kh1 Be5
15.Rc1 Bb7 16.f3 Qa5 17.Bd2 Bb8 18.Nb5 Qb6 19.Qe2 a6 20.Be3 Qa5 21.Bd2 Qd8
22.Nc3 Nh5 23.Be1 Bg3 24.Bxe6 Nf4 25.Qe5 Qh4+ 26.Bh3 Bxe1 27.Qxe1 Qh6 28.
Qg3 Rac8 29.Kg1 Rxc3 0-1

[Event "XIV American Continental"]
[Site "Sao Paulo BRA"]
[Date "2019.07.10"]
[Round "8.78"]
[White "Pereira Vera, Henry Alberto"]
[Black "Soares, Paulo Henrique dos Reis"]
[Result "0-1"]
[WhiteElo "1790"]
[BlackElo "1922"]
[EventDate "2019.07.05"]
[PlyCount "88"]
[EventRounds "11"]
[EventCountry "BRA"]

1.b3 b6 2.Bb2 e6 3.Nf3 Nf6 4.e3 Bb7 5.Be2 c5 6.O-O Be7 7.d4 O-O 8.Nbd2 d6 
9.a4 Nc6 10.Nc4 Qc7 11.c3 Nd7 12.Rc1 Bf6 13.dxc5 Nxc5 14.Qxd6 Qc8 15.Qd1 
Rd8 16.Qc2 Na5 17.Nxa5 Be4 18.Qxe4 Nxe4 19.Nc4 Nc5 20.Nd4 e5 21.Nb5 Nxb3 
22.Rc2 Qc6 23.Ba3 a6 24.Nbd6 b5 25.Bf3 Qc7 26.Nd2 Nxd2 27.Rxd2 Qxc3 28.Bc1
Rab8 29.axb5 Qb4 30.Rfd1 e4 31.Be2 Bc3 32.Rd5 a5 33.f3 exf3 34.gxf3 g6 35.
e4 a4 36.e5 a3 37.Bg5 Bxe5 38.Bxd8 Rxd8 39.Rxe5 Rxd6 40.Rxd6 Qxd6 41.Re8+ 
Kg7 42.Ra8 Qe5 43.Kf1 Qb2 44.b6 a2 0-1

[Event "XIV American Continental"]
[Site "Sao Paulo BRA"]
[Date "2019.07.10"]
[Round "8.79"]
[White "Jenidarchiche, Douglas Rodrigo"]
[Black "Manzi, Luiz Antonio Bardaro"]
[Result "0-1"]
[WhiteElo "1754"]
[BlackElo "2092"]
[EventDate "2019.07.05"]
[PlyCount "92"]
[EventRounds "11"]
[EventCountry "BRA"]

1.d4 Nf6 2.c4 e6 3.Nf3 d5 4.Nc3 c6 5.e3 Be7 6.Qc2 Nbd7 7.Bd3 O-O 8.O-O a6 
9.Rd1 b5 10.b3 Bb7 11.e4 b4 12.e5 bxc3 13.exf6 Nxf6 14.c5 Ne4 15.Bxe4 dxe4
16.Qxe4 Qd5 17.Qf4 Bxc5 18.Qc7 Bd6 19.Qb6 Qb5 20.Qxb5 cxb5 21.a3 Bxf3 22.
gxf3 a5 23.Rd3 b4 24.Ra2 Rfc8 25.f4 g6 26.a4 Rd8 27.Be3 Be7 28.Kf1 Rd5 29.
Ke1 Rad8 30.Kd1 Bf6 31.Re2 Bxd4 32.Kc2 Bxe3 33.Rxd5 Rxd5 34.fxe3 f5 35.h4 
Kf7 36.h5 gxh5 37.Re1 Rd2+ 38.Kc1 Ra2 39.Kb1 Rb2+ 40.Kc1 Rxb3 41.e4 Ra3 
42.Kc2 fxe4 43.Rxe4 Rxa4 44.Re5 Ra2+ 45.Kb1 Rf2 46.Rxh5 b3 0-1

[Event "XIV American Continental"]
[Site "Sao Paulo BRA"]
[Date "2019.07.10"]
[Round "8.80"]
[White "Pascheto, Ademir Heleno"]
[Black "Portes Junior, Dirceu Atanazio"]
[Result "0-1"]
[WhiteElo "1827"]
[BlackElo "2019"]
[EventDate "2019.07.05"]
[PlyCount "74"]
[EventRounds "11"]
[EventCountry "BRA"]

1.d4 Nf6 2.c4 e6 3.Nc3 Bb4 4.e3 c5 5.Ne2 cxd4 6.exd4 d5 7.a3 Be7 8.Nf4 O-O
9.Bd3 Nc6 10.Be3 dxc4 11.Bxc4 e5 12.dxe5 Nxe5 13.Be2 Neg4 14.Nfd5 Nxd5 15.
Nxd5 Nxe3 16.Nxe3 Bf6 17.Qc2 Be6 18.O-O Qb6 19.Bf3 Rac8 20.Qe4 Qxb2 21.
Rab1 Qxa3 22.Rxb7 Qc5 23.Qa4 Rc7 24.Rxc7 Qxc7 25.Nd5 Bxd5 26.Bxd5 Qb6 27.
g3 g6 28.Bb3 Bd4 29.Qa2 Qf6 30.Qe2 Rb8 31.Qc4 Kg7 32.Qd5 a5 33.Qc4 Rb4 34.
Qc2 Qf3 35.Ba4 Rb2 36.Bc6 Qf6 37.Qe4 Rxf2 0-1

[Event "XIV American Continental"]
[Site "Sao Paulo BRA"]
[Date "2019.07.10"]
[Round "8.81"]
[White "Gazola, Vanessa Ramos"]
[Black "Dos Santos, Fabio Alexandre"]
[Result "1-0"]
[WhiteElo "1954"]
[BlackElo "1821"]
[EventDate "2019.07.05"]
[PlyCount "49"]
[EventRounds "11"]
[EventCountry "BRA"]

1.d4 d5 2.c4 c6 3.Nf3 Nf6 4.Qc2 e6 5.g3 Bb4+ 6.Bd2 Be7 7.Bg2 O-O 8.O-O 
Nbd7 9.b3 b6 10.Re1 Ba6 11.Ne5 Nxe5 12.dxe5 Nd7 13.f4 f6 14.exf6 Nxf6 15.
Nc3 Rc8 16.Bh3 Qd6 17.e4 dxe4 18.Nxe4 Qd4+ 19.Kh1 c5 20.Bc3 Qd8 21.Rad1 
Qc7 22.Bxe6+ Kh8 23.Ng5 Bb7+ 24.Bd5 Nxd5 25.Qxh7# 1-0

[Event "XIV American Continental"]
[Site "Sao Paulo BRA"]
[Date "2019.07.10"]
[Round "8.82"]
[White "Valim, Luiz Claudio"]
[Black "Feller, Gabriela Luisa Vicente"]
[Result "1-0"]
[WhiteElo "1954"]
[BlackElo "1710"]
[EventDate "2019.07.05"]
[PlyCount "77"]
[EventRounds "11"]
[EventCountry "BRA"]

1.d4 d5 2.c4 c6 3.Nc3 Nf6 4.e3 Bf5 5.Qb3 Qd7 6.Nf3 e6 7.Ne5 Qc7 8.Bd2 Nbd7
9.Rc1 dxc4 10.Bxc4 Nxe5 11.dxe5 Ne4 12.Nxe4 Bxe4 13.O-O Qxe5 14.Qxb7 Rb8 
15.Bc3 Qxh2+ 16.Kxh2 Rxb7 17.Rfd1 Bb4 18.f3 Bxc3 19.Rxc3 Bg6 20.Bb3 Rd7 
21.Rxc6 Rxd1 22.Bxd1 Kd7 23.Ba4 Rb8 24.e4 Rb7 25.b4 Ke7 26.a3 f6 27.Rc8 
Kd6 28.Kg3 Rc7 29.Rd8+ Ke5 30.Bb5 Rc3 31.Bd3 f5 32.f4+ Kf6 33.e5+ Ke7 34.
Rd6 Rxa3 35.Kh4 Be8 36.Bc4 Bd7 37.g4 fxg4 38.Kxg4 Ra4 39.Rxd7+ 1-0

[Event "XIV American Continental"]
[Site "Sao Paulo BRA"]
[Date "2019.07.10"]
[Round "8.83"]
[White "Moccero, Eduardo"]
[Black "Arruda Filho, Ivo Pereira de"]
[Result "1-0"]
[WhiteElo "1933"]
[BlackElo "1744"]
[EventDate "2019.07.05"]
[PlyCount "46"]
[EventRounds "11"]
[EventCountry "BRA"]

1.d4 Nf6 2.Nf3 d5 3.c4 e6 4.Nc3 Be7 5.e3 O-O 6.Be2 dxc4 7.Bxc4 c5 8.O-O b6
9.d5 Bb7 10.dxe6 Qxd1 11.exf7+ Kh8 12.Rxd1 Bxf3 13.gxf3 Nc6 14.f4 Rad8 15.
Bd2 Na5 16.Be6 Rd6 17.f5 g6 18.Be1 gxf5 19.Rxd6 Bxd6 20.Rd1 Be5 21.f4 Bb8 
22.Nd5 Ne4 23.Bxf5 Nf6 1-0

[Event "XIV American Continental"]
[Site "Sao Paulo BRA"]
[Date "2019.07.10"]
[Round "8.84"]
[White "Moro, Antonio Renato Pereira"]
[Black "Cabral Mesquita, Jussier"]
[Result "1/2-1/2"]
[WhiteElo "1927"]
[BlackElo "1728"]
[EventDate "2019.07.05"]
[PlyCount "107"]
[EventRounds "11"]
[EventCountry "BRA"]

1.e4 c5 2.Nf3 d6 3.d4 cxd4 4.Nxd4 Nf6 5.Nc3 a6 6.Bg5 e6 7.f4 Be7 8.Qf3 Nc6
9.Bxf6 gxf6 10.Nb3 b5 11.O-O-O Qc7 12.Kb1 Bb7 13.Qh5 Rc8 14.Bd3 Nb4 15.Rc1
Nxd3 16.cxd3 Qb6 17.Rhe1 Rf8 18.Rcd1 Qf2 19.f5 b4 20.Re2 Qf4 21.Na4 e5 22.
Nb6 Rc7 23.Qxh7 Bd8 24.Nc4 Be7 25.Ne3 Qg5 26.Qh3 Kd7 27.Qf3 Rfc8 28.Qf1 
Bd8 29.Qe1 Qh5 30.g4 Qh3 31.Qxb4 Qf3 32.Qe1 Bc6 33.Rf2 Qh3 34.Qf1 Qxe3 35.
Rf3 Qb6 36.Qe1 Ba4 37.d4 Rc2 38.dxe5 fxe5 39.Rfd3 Be7 40.h4 Qf2 41.Qxf2 
Rxf2 42.g5 Bxb3 43.Rxb3 Rh2 44.Rb6 Rxh4 45.f6 Bf8 46.Rxa6 Rg4 47.Ra7+ Ke6 
48.a4 Rxe4 49.Rg1 Rb4 50.Rg2 d5 51.g6 Kxf6 52.Rxf7+ Ke6 53.g7 Bxg7 54.
Rfxg7 1/2-1/2

[Event "XIV American Continental"]
[Site "Sao Paulo BRA"]
[Date "2019.07.10"]
[Round "8.85"]
[White "Frattini, Beatriz Maria"]
[Black "Hirota da Silva, Nilton"]
[Result "0-1"]
[WhiteElo "1858"]
[BlackElo "1881"]
[EventDate "2019.07.05"]
[PlyCount "100"]
[EventRounds "11"]
[EventCountry "BRA"]

1.e4 d5 2.exd5 Qxd5 3.Nc3 Qd8 4.d4 Nf6 5.Nf3 Bg4 6.h3 Bxf3 7.Qxf3 c6 8.Be3
e6 9.O-O-O Nd5 10.Ne4 Nxe3 11.fxe3 Qd5 12.c4 Qf5 13.Qxf5 exf5 14.Ng5 Be7 
15.Nf3 O-O 16.Bd3 g6 17.h4 Nd7 18.h5 Nf6 19.hxg6 fxg6 20.Rhe1 Ng4 21.a3 
Bd6 22.c5 Bg3 23.Bc4+ Kh8 24.Re2 Rfe8 25.Rd3 Rad8 26.Ng5 Rd7 27.Kc2 Rde7 
28.e4 Bf4 29.Nf7+ Kg7 30.e5 Rxf7 31.Bxf7 Kxf7 32.Rh3 h5 33.Rb3 Re7 34.Rf3 
Bh6 35.Kd3 Ke6 36.Kc4 Rd7 37.b4 Bg7 38.a4 h4 39.b5 g5 40.bxc6 bxc6 41.Rb2 
Rxd4+ 42.Kxd4 Bxe5+ 43.Kc4 Bxb2 44.Rb3 Ne5+ 45.Kb4 Bd4 46.Rb1 Kd5 47.Rd1 
f4 48.a5 g4 49.Rh1 f3 50.gxf3 Nxf3 0-1

[Event "XIV American Continental"]
[Site "Sao Paulo BRA"]
[Date "2019.07.10"]
[Round "8.86"]
[White "Crocitti, Daniel"]
[Black "Amaral, Danilo Tokechi"]
[Result "1-0"]
[WhiteElo "1873"]
[BlackElo "1432"]
[EventDate "2019.07.05"]
[PlyCount "85"]
[EventRounds "11"]
[EventCountry "BRA"]

1.d4 Nf6 2.c4 g6 3.Nc3 Bg7 4.e4 d6 5.Nf3 O-O 6.Be2 e5 7.d5 a5 8.O-O Na6 9.
Ne1 Ne8 10.Nd3 f5 11.a3 fxe4 12.Nxe4 Bf5 13.f3 h6 14.Be3 Nf6 15.Ndf2 Nxe4 
16.fxe4 Bd7 17.Bg4 b6 18.b4 axb4 19.axb4 Bxg4 20.Qxg4 Kh7 21.Ra4 Qb8 22.
Rfa1 Qb7 23.Nd3 c6 24.dxc6 Qxc6 25.b5 Qc7 26.bxa6 h5 27.Qe2 Qc6 28.Bf2 b5 
29.cxb5 Qxb5 30.Rb4 Qc6 31.a7 d5 32.Rc1 Qd7 33.exd5 Qxd5 34.Re4 Rxf2 35.
Nxf2 Rxa7 36.Rd1 Qe6 37.h3 Ra2 38.Qf3 Bh6 39.Rde1 Ra5 40.Kh1 Bg7 41.Nd3 
Qd6 42.Qe2 Kg8 43.Nxe5 1-0

[Event "XIV American Continental"]
[Site "Sao Paulo BRA"]
[Date "2019.07.10"]
[Round "8.87"]
[White "Costa, Iaggo Bernini"]
[Black "De Freitas, Jose Renato Silva"]
[Result "0-1"]
[WhiteElo "1507"]
[BlackElo "1873"]
[EventDate "2019.07.05"]
[PlyCount "60"]
[EventRounds "11"]
[EventCountry "BRA"]

1.e4 c5 2.Nf3 e6 3.d4 cxd4 4.Nxd4 Nc6 5.Nc3 Qc7 6.Be3 a6 7.Bd3 Nf6 8.O-O 
Nxd4 9.Bxd4 Bc5 10.Bxf6 gxf6 11.Qg4 b6 12.Qg7 Rf8 13.Qxf6 Be7 14.Qd4 Bc5 
15.Qf6 Be7 16.Qd4 Bc5 17.Qa4 Bb7 18.Rae1 Rg8 19.g3 h5 20.e5 Rg4 21.Be4 h4 
22.Qb3 hxg3 23.hxg3 Rxg3+ 24.Kh1 Rg7 25.f4 O-O-O 26.Re2 Rh8+ 27.Rh2 Rxh2+ 
28.Kxh2 Qd8 29.Bxb7+ Kxb7 30.Ne4 Qh8+ 0-1

[Event "XIV American Continental"]
[Site "Sao Paulo BRA"]
[Date "2019.07.10"]
[Round "8.88"]
[White "Cordioli, Jairo Ribeiro"]
[Black "Haraguchi, Diego Sashaki"]
[Result "1/2-1/2"]
[WhiteElo "1871"]
[BlackElo "1634"]
[EventDate "2019.07.05"]
[PlyCount "64"]
[EventRounds "11"]
[EventCountry "BRA"]

1.d4 Nf6 2.c4 g6 3.Nc3 d5 4.cxd5 Nxd5 5.e4 Nxc3 6.bxc3 c5 7.Bb5+ Bd7 8.Qa4
Bg7 9.Nf3 O-O 10.O-O a6 11.Bxd7 Qxd7 12.Qxd7 Nxd7 13.Ba3 Rac8 14.Rad1 Rc7 
15.Rfe1 Rfc8 16.d5 Ne5 17.Nxe5 Bxe5 18.g3 g5 19.Kg2 b5 20.Re2 a5 21.Bc1 g4
22.h3 h5 23.Rh1 Bf6 24.Bf4 Rb7 25.e5 Bg7 26.hxg4 hxg4 27.Rh4 f5 28.exf6 
Bxf6 29.Rxg4+ Kf7 30.Bg5 Rg8 31.f4 Rd7 32.c4 bxc4 1/2-1/2

[Event "XIV American Continental"]
[Site "Sao Paulo BRA"]
[Date "2019.07.10"]
[Round "8.89"]
[White "Kruger, Israel"]
[Black "Dabraccio, Guillermo"]
[Result "0-1"]
[WhiteElo "1869"]
[BlackElo "1611"]
[EventDate "2019.07.05"]
[PlyCount "102"]
[EventRounds "11"]
[EventCountry "BRA"]

1.g3 g6 2.Bg2 Bg7 3.d3 d5 4.Nd2 Nf6 5.e4 dxe4 6.dxe4 Nc6 7.Ne2 O-O 8.O-O 
e5 9.c3 Be6 10.Qc2 Qd7 11.Re1 Rad8 12.Nf1 Qd3 13.Qa4 Bc4 14.Bg5 Bb5 15.Qa3
Qd6 16.Qb3 Qc5 17.Ne3 Na5 18.Qc2 Nc4 19.Nd5 Rxd5 20.exd5 Ng4 21.Nc1 h6 22.
h3 Nxf2 23.Qxf2 Qxf2+ 24.Kxf2 hxg5 25.Ne2 Nxb2 26.Kg1 Bd3 27.a4 a5 28.Ra2 
Nc4 29.Nc1 Bb1 30.Ra1 Bf5 31.g4 Bd7 32.Bf1 Nd6 33.Nb3 b6 34.Rec1 f5 35.Be2
f4 36.Nd2 e4 37.Nc4 Rc8 38.Ra2 f3 39.Bf1 Kf8 40.Kf2 Re8 41.Ne3 Be5 42.Rcc2
Re7 43.Ra3 Bf4 44.c4 Nb7 45.Rca2 Rh7 46.Nc2 Bc1 47.Rb3 Nc5 48.Rb1 Bf4 49.
Nd4 Bxg4 50.Ne6+ Bxe6 51.dxe6 g4 0-1

[Event "XIV American Continental"]
[Site "Sao Paulo BRA"]
[Date "2019.07.10"]
[Round "8.90"]
[White "Soares, Renan Barbosa Monteiro"]
[Black "Nobre, Jose Adalberto Barbosa"]
[Result "1-0"]
[WhiteElo "1985"]
[BlackElo "1577"]
[EventDate "2019.07.05"]
[PlyCount "77"]
[EventRounds "11"]
[EventCountry "BRA"]

1.d4 Nf6 2.c4 g6 3.Nc3 Bg7 4.e4 d6 5.f3 c6 6.Be3 a6 7.a4 a5 8.Bd3 Nbd7 9.
Qd2 e5 10.Nge2 Nh5 11.d5 Nhf6 12.dxc6 bxc6 13.Bc2 d5 14.cxd5 cxd5 15.Nxd5 
Nxd5 16.Qxd5 Rb8 17.b3 O-O 18.O-O Ba6 19.Rfe1 Nf6 20.Qxd8 Rfxd8 21.Rad1 
Bf8 22.Rxd8 Rxd8 23.Rd1 Rxd1+ 24.Bxd1 Bb4 25.Nc1 Nd7 26.Na2 Be7 27.Bd2 
Bc5+ 28.Kh1 Bb6 29.Nc3 Nc5 30.Nd5 Bd8 31.g3 Nd3 32.Kg2 Nb2 33.Bc2 Bd3 34.
Bxd3 Nxd3 35.Be3 Kg7 36.Kf1 f5 37.Ke2 f4 38.gxf4 exf4 39.Bd4+ 1-0